000 01985cam a22004574a 4500
001 muse13362
003 MdBmJHUP
005 20210127150937.0
006 m o d
007 cr||||||||nn|n
008 071005s2008 utu o 00 0 eng d
010 _z 2007041720
020 _a9780874216806
020 _z9780874216790 (pbk. : alk. paper)
020 _z0874216796 (pbk. : alk. paper)
035 _a(OCoLC)476175514
040 _aMdBmJHUP
_cMdBmJHUP
050 0 4 _aP301
_b.B79 2008
082 0 _a808/.042
_222
100 1 _aButler, Paul,
_d1956-
245 1 0 _aOut of Style
_bReanimating Stylistic Study in Composition and Rhetoric /
_cPaul Butler.
264 1 _bUtah State University Press,
264 3 _bProject MUSE,
300 _a1 online resource (xii, 181 p.)
504 _aIncludes bibliographical references (p. [163]-175) and index.
505 0 _aIntroduction: reanimating style in composition and rhetoric -- Historical developments: relevant stylistic history and theory -- Our of style: reclaiming an "inventional" style in composition -- Style in the diaspora of composition studies -- Style and the public intellectual: rethinking composition in the public sphere -- Back in style: style and the future of composition studies.
506 0 _aOpen Access
_fUnrestricted online access
_2star
588 _aDescription based on print version record.
650 0 _aRhetoric.
650 0 _aLanguage and languages
_xStyle.
655 7 _aElectronic books.
_2local
710 2 _aProject Muse.
_edistributor
830 0 _aBook collections on Project MUSE.
856 4 0 _zFull text available:
_uhttps://muse.jhu.edu/book/9415/
945 _aProject MUSE - Archive Higher Education Foundation
945 _aProject MUSE - Archive Complete Foundation
999 _c24060
_d24060